000
00346nam a2200145Ia 4500
008
221030s9999 xx 000 0 und d
020
_a
9388333252
041
_a
English
100
_a
P. Jain
245
0
_a
Mind, Life & Reflections
_c
by P. Jain
260
_b
Invincible Pub.
_a
Gurgaon
_c
2018
300
_a
203
650
_a
General
942
_c
BK
999
_c
18378
_d
18378